Normal view
MARC view
- MalvinoA.SahaG
Entry Personal Name
001 - CONTROL NUMBER
- control field: 169354
003 - CONTROL NUMBER IDENTIFIER
- control field: OSt
005 - DATE AND TIME OF LATEST TRANSACTION
- control field: 20230313130350.0
008 - FIXED-LENGTH DATA ELEMENTS
- fixed length control field: 230313|| aca||aabn | a|a d
040 ## - CATALOGING SOURCE
- Original cataloging agency: OSt
- Transcribing agency: OSt
100 ## - HEADING--PERSONAL NAME
- Personal name: MalvinoA.SahaG
670 ## - SOURCE DATA FOUND
- Source citation: Work cat.: (OSt)130079: Leach D. 169353, Digital Principles And Applications, 2009